Mi vida hecha cenizas (Record no. 178846)

MARC details
000 -LEADER
campo de control de longitud fija 01289nam a2200301 i 4500
001 - NÚMERO DE CONTROL
campo de control 178846
003 - IDENTIFICADOR DE NÚMERO DE CONTROL
campo de control ES-MaACL
005 - FECHA Y HORA DE LA ÚLTIMA TRANSACCIÓN
campo de control 20230911112755.0
008 - DATOS DE LONGITUD FIJA--INFORMACIÓN GENERAL
campo de control de longitud fija 110718s2004 sp |||| |aspa d
020 ## - NÚMERO INTERNACIONAL ESTÁNDAR DEL LIBRO
Número Internacional Estándar del Libro 84-8472-181-7
080 ## - NÚMERO DE LA CLASIFICACIÓN DECIMAL UNIVERSAL
Número de la Clasificación Decimal Universal 929 Esplá, Carlos
100 1# - ENTRADA PRINCIPAL--NOMBRE DE PERSONA
Nombre de persona Esplá, Carlos.
9 (RLIN) 47930
245 10 - MENCIÓN DEL TÍTULO
Título Mi vida hecha cenizas
Resto del título : (diarios 1920-1965) /
Mención de responsabilidad, etc. Carlos Esplá Rizo ; introducción, redacción y notas, Pedro L. Angosto y Encarna Fernández.
260 ## - PUBLICACIÓN, DISTRIBUCIÓN, ETC.
Lugar de publicación, distribución, etc. Sevilla :
Nombre del editor, distribuidor, etc. Renacimiento,
Fecha de publicación, distribución, etc. 2004.
300 ## - DESCRIPCIÓN FÍSICA
Extensión 377 p. :
Otras características físicas 1 retr. ;
Dimensiones 24 cm.
490 1# - MENCIÓN DE SERIE
Mención de serie Biblioteca del exilio
490 1# - MENCIÓN DE SERIE
Mención de serie Memoria del exilio.
-- Anejos ;
Designación de volumen o secuencia 6
504 ## - NOTA DE BIBLIOGRAFÍA, ETC.
Nota de bibliografía, etc. Bibliografía: p. 19-22.
505 8# - NOTA DE CONTENIDO CON FORMATO
Nota de contenido con formato Contiene: 1 ;
Título A vueltas con la derrota. Recuerdos y añoranzas (1920-1949) - 2 ;
-- Tribulaciones de un traductor republicano en Naciones Unidas (1950-1959) 3 ;
-- Los últimos años. Tibio resurgir de la esperanza (1960-1965)
600 17 - PUNTO DE ACCESO ADICIONAL DE MATERIA--NOMBRE DE PERSONA
Nombre de persona Esplá, Carlos.
9 (RLIN) 47930
700 1# - ENTRADA AGREGADA--NOMBRE PERSONAL
Nombre de persona Angosto, Pedro L.
9 (RLIN) 21753
700 1# - ENTRADA AGREGADA--NOMBRE PERSONAL
Nombre de persona Fernández, Encarna (
Forma completa/desarrollada del nombre Fernández García)
9 (RLIN) 147369
830 0# - PUNTO DE ACCESO ADICIONAL DE SERIE-TÍTULO UNIFORME
Título uniforme Biblioteca del exilio
9 (RLIN) 180374
830 0# - PUNTO DE ACCESO ADICIONAL DE SERIE-TÍTULO UNIFORME
Título uniforme Memoria del exilio.
-- Anejos ;
Designación de volumen o secuencia 6
9 (RLIN) 224352
852 ## - LOCALIZACIÓN
Ubicación ES-MaACL
itemnumber 185711
Sublocalización o colección R.145823
Número de control de estantería A-11357
Ubicación en estantería Depósito 1
Signatura antigua Olim: N-4361
942 ## - ELEMENTOS DE ENTRADA SECUNDARIOS (KOHA)
Fuente del sistema de clasificación o colocación Clasificación decimal universal
Holdings
Estatus retirado Estado de pérdida Fuente del sistema de clasificación o colocación Estado de daño No para préstamo Biblioteca de origen Biblioteca actual Ubicación en estantería Fecha de adquisición Fuente de adquisición Total de préstamos Signatura topográfica completa Código de barras Visto por última vez Precio de reemplazo Tipo de ítem Koha
    Clasificación decimal universal     Biblioteca del Ateneo de Madrid Biblioteca del Ateneo de Madrid Depósito 1 18/07/2011 Donación   A-11357 1187866 23/02/2023 23/02/2023 Libro impreso